Calculus of variations and partial differential equations of the first order /
Guardado en:
| Autor Principal: | |
|---|---|
| Formato: | Libro |
| Idioma: | English German |
| Publicado: |
New York :
Chelsea,
1982.
|
| Edición: | 2nd (rev.) English ed. |
| Etiquetas: |
Agregar Etiqueta
Sin Etiquetas, Sea el primero en etiquetar este registro!
|
| LEADER | 01055nam a22002295a 4500 | ||
|---|---|---|---|
| 001 | MAT.inmabb002367 | ||
| 008 | 821014s1982####nyua#####b####001#0deng#d | ||
| 005 | 20160530171021.0 | ||
| 245 | 1 | 0 | |a Calculus of variations and partial differential equations of the first order / |c C. Carathéodory ; translated by Robert B. Dean ; Julius J. Brandstatter, translating editor. |
| 250 | |a 2nd (rev.) English ed. | ||
| 260 | |a New York : |b Chelsea, |c 1982. | ||
| 300 | |a xix, 402 p. : |b il. ; |c 24 cm. | ||
| 500 | |a Traducción de: Variationsrechnung und partielle Differentialgleichungen erster Ordnung. Berlin : B. G. Teubner, 1935. | ||
| 505 | 0 | |a Part I. Partial differential equations of the first order -- Part II. Calculus of variations. | |
| 504 | |a Bibliografía: p. 381-395. | ||
| 020 | |a 082840318X | ||
| 100 | 1 | |a Carathéodory, Constantin, |d 1873-1950. | |
| 240 | 1 | 0 | |a Variationsrechnung und partielle Differentialgleichungen erster Ordnung. |l Inglés |
| 084 | |a 49-02 |2 MR | ||
| 010 | |a 81071519 | ||
| 041 | 1 | |a eng |h ger | |
| 859 | |h 49 |i C262-2 |p A-6699 |b BIB. MATEMATICA | ||
